| 000 | 01192nam a2200313 i 4500 | ||
|---|---|---|---|
| 001 | 184690 | ||
| 003 | ES-MaACL | ||
| 005 | 20250809060039.0 | ||
| 008 | 151113s2014 cl f |||| | spa d | ||
| 020 | _a978-956-346-574-7 | ||
| 080 | _a347.41/.43 | ||
| 080 | _a347.44 | ||
| 100 | 1 |
_aMaza Gazmuri, Íñigo de la. _9158134 |
|
| 245 | 1 | 0 |
_aEstudios de derecho de contratos _b: formación, cumplimiento e incumplimiento / _cÍñigo de la Maza Gazmuri, Antonio Manuel Morales Moreno, Álvaro Vidal Olivares. |
| 250 | _a1ª ed. | ||
| 260 |
_aSantiago de Chile : _bLegal Publishing, _c2014. |
||
| 300 |
_a465 p. ; _c25 cm. |
||
| 490 | 1 | _aMonografías | |
| 504 | _aReferencias bibliográficas. | ||
| 650 | 7 |
_aObligaciones (Derecho) _915660 |
|
| 650 | 0 | 7 |
_aContratos _2embne _911326 |
| 700 | 1 |
_aMorales Moreno, Antonio-Manuel. _983056 |
|
| 700 | 1 |
_aVidal Olivares, Álvaro. _9158135 |
|
| 830 | 0 | 0 |
_aMonografías (Centro de Estudios Benaventanos "Ledo del Pozo") _9177262 |
| 852 |
_aES-MaACL _jA-13621 _9191700 _bR.150276 _cDEPO1 _dOlim: N-6621 _hDonacion: Antonio Manuel Morales Moreno |
||
| 903 |
_983056 _aMorales Moreno, Antonio-Manuel _ednr |
||
| 942 | _2udc | ||
| 999 |
_c184690 _d184690 |
||